000
00388nam a22001217a 4500
003
SGT
082
_a
320
_b
C23K
100
_a
केडिया, कुसुमलता प्रभात
245
_a
कम्युनिस्ट चीन :अवैध अस्तित्व
260
_b
प्रभात पेपरबैक्स
_c
2023
300
_a
190
942
_2
ddc
_c
BK
999
_c
32069
_d
32069